| Tag |
First Indicator |
Second Indicator |
Subfields |
| LEADER |
00000cam a2200000 a 4500 |
| 001 |
in00000593721 |
| 005 |
20151014094458.0 |
| 008 |
871211s1985 xx b 00010 eng d |
| 035 |
|
|
|a (OCoLC)17221019
|
| 035 |
|
|
|9 ACR1636AM
|
| 040 |
|
|
|a TXA
|c TXA
|d UtOrBLW
|
| 049 |
|
|
|a TXAZ [Also in] [Archives]
|c 1 [A08688964], 2 [A08688972]
|
| 090 |
|
|
|a BF723.S28
|b W33 1985
|
| 099 |
|
|
|a 1985
|a Thesis
|a W119
|
| 100 |
1 |
|
|a Wade, Cindi Lu,
|d 1960-
|
| 245 |
1 |
4 |
|a The stable dispositions concept :
|b its relationships to self-image disparity and self/other descriptiveness in children /
|c by Cindi Lu Wade.
|
| 264 |
|
1 |
|a [Place of publication not identified] :
|b [publisher not identified] ;
|c 1985.
|
| 300 |
|
|
|a ix, 60 leaves ;
|c 29 cm.
|
| 336 |
|
|
|a text
|b txt
|2 rdacontent
|
| 337 |
|
|
|a unmediated
|b n
|2 rdamedia
|
| 338 |
|
|
|a volume
|b nc
|2 rdacarrier
|
| 500 |
|
|
|a Typescript (photocopy).
|
| 500 |
|
|
|a Vita.
|
| 500 |
|
|
|a "Major subject: Psychology."
|
| 502 |
|
|
|b M.S.
|c Texas A&M University
|d 1985.
|
| 504 |
|
|
|a Bibliography: leaves 39-41.
|
| 650 |
|
0 |
|a Self-perception in children.
|
| 650 |
|
0 |
|a Social perception in children.
|
| 650 |
|
0 |
|a Cognition in children.
|
| 650 |
|
4 |
|a Major psychology.
|
| 999 |
|
|
|a MARS
|
| 999 |
f |
f |
|s 854c7580-bfa1-32bf-a7e4-06311d10a3d7
|i a6c74e6c-44fb-38e8-b4f1-4d08982fab47
|t 0
|
| 952 |
f |
f |
|p ric
|a Texas A&M University
|b Rellis Campus
|c Joint Library Facility
|d Remote Storage
|t 0
|e BF723.S28 W33 1985
|h Library of Congress classification
|i unmediated -- volume
|m A14823940789
|
| 952 |
f |
f |
|p noncirc
|a Texas A&M University
|b J.J. Pickle Campus
|c High Density Repository
|d Remote Storage
|t 0
|e 1985 Thesis W119
|h Other scheme
|i unmediated -- volume
|m A14839608735
|
| 998 |
f |
f |
|a 1985 Thesis W119
|t 0
|l Remote Storage
|
| 998 |
f |
f |
|a BF723.S28 W33 1985
|t 0
|l Remote Storage
|